| 000 | 00776nas a2200241 4500 | ||
|---|---|---|---|
| 001 | BR2012004550 | ||
| 003 | BR-BrBNA | ||
| 005 | 20231205120819.0 | ||
| 007 | ta | ||
| 008 | 230509b bl.|||p| |||| 00| 00por d | ||
| 040 |
_aBR-BrBNA _bpor _cBiblioteca Nacional de Agricultura |
||
| 041 | _a(En) | ||
| 072 | _aF01 | ||
| 100 | 1 | _aCorreia, N.M. | |
| 100 | 1 | _aLeite, G.J. | |
| 245 | 1 | _aSelectivity of the plant growth regulators trinexapac-ethyl and sulfometuron-methyl to cultivated species | |
| 650 | _aCANA DE AÇUCAR | ||
| 650 | _aREGULADOR DE CRESCIMENTO | ||
| 650 | _aHORMONIO VEGETAL | ||
| 773 | 0 |
_tScientia Agricola (Brazil) _xISSN 0103-9016 _g(May-Jun 2012), v. 69(3) p. 194-200 _wBR2012004550 |
|
| 909 |
_a202311 _bLúcia _c55 _dLúcia Elande |
||
| 942 |
_2AGRIS _n0 _cANA |
||
| 999 |
_c220452 _d220452 |
||